Quick Pick: 'Too' Song Titles Quiz Stats

 Plays Quiz Updated Nov 22, 2017

Challenge
Share
Tweet
Embed
Score 0/10 Timer 01:00
4 Plays Today
% Correct
Much
95.7%
Time
95.2%
Little
93.6%
Late
93.4%
Deep
92.1%
Proud
89.8%
Goodbyes
89.7%
Sexy
89%
Heaven
76.7%
Shy
74.7%

Today's Daily Dose

You're not logged in!

Compare scores with friends on all Sporcle quizzes.
OR
Log In

You Might Also Like...

Show Comments

Extras

Top Quizzes Today


Score Distribution

Your Account Isn't Verified!

In order to create a playlist on Sporcle, you need to verify the email address you used during registration. Go to your Sporcle Settings to finish the process.

Report this User

Report this user for behavior that violates our Community Guidelines.

Details: